000 00653nam a2200205Ia 4500
005 20241216011305.0
008 190429s9999||||xx |||||||||||||| ||und||
082 _a671.732
_bS748
100 _aSIUCE BONIFACIO RAMIRO
245 0 _aINVESTIGACION DE LA ANODIZACION DEL ALUMNIO MEDIANTE PROCESO ELECTROLITICO EN CERRO DE PASCO
250 _a0
260 _aCERRO DE PASCO-PERU
_bUNDAC
_c1992
300 _a121 pag.
_c30 cm.
341 _h0
490 _v0
_a0
505 _aALUMNIO ANODIZADO/APLICACIONES/PROCESO/EQUIPOS/SISTEMA ELECT
541 _aD
_bSIUCE BONIFACIO, RAMIRO
_d18-Mar-03
_oSoles
650 _aIngenieria Metalurgica
942 _cTESIS
999 _c37825
_d37825